Peacemaking in North East India : (Record no. 9524)

MARC details
000 -LEADER
fixed length control field 00943nam a22002297a 4500
003 - CONTROL NUMBER IDENTIFIER
control field GBCCL
005 - DATE AND TIME OF LATEST TRANSACTION
control field 20241126110713.0
008 - FIXED-LENGTH DATA ELEMENTS--GENERAL INFORMATION
fixed length control field 230224b ||||| |||| 00| 0 eng d
040 ## - CATALOGING SOURCE
Transcribing agency GBC
082 ## - DEWEY DECIMAL CLASSIFICATION NUMBER
Classification number 261.8
Item number PEA
245 ## - TITLE STATEMENT
Title Peacemaking in North East India :
Remainder of title social and theological exploration /
Statement of responsibility, etc. edited by Yangkahao Vashum, Woba James
260 ## - PUBLICATION, DISTRIBUTION, ETC.
Place of publication, distribution, etc. Jorhat, Assam,
Name of publisher, distributor, etc. Eastern Theological College The Department of Tribal Studies,
Date of publication, distribution, etc. 2006
300 ## - PHYSICAL DESCRIPTION
Extent vii, 279 pages ;
Dimensions 22 cm.
440 ## - SERIES STATEMENT/ADDED ENTRY--TITLE
Title Tribal study series
Number of part/section of a work 21
9 (RLIN) 16583
505 ## - FORMATTED CONTENTS NOTE
Formatted contents note "The Third Tribal Theology Institute Seminar was organized during 1-4, 2010 .... theme of "Peace Making in the North East India"--Preface
650 ## - SUBJECT ADDED ENTRY--TOPICAL TERM
Topical term or geographic name entry element Conference papers and proceedings
9 (RLIN) 16584
650 ## - SUBJECT ADDED ENTRY--TOPICAL TERM
Topical term or geographic name entry element Ethnic conflict
Form subdivision Religious aspects
General subdivision Christianity
9 (RLIN) 16585
650 ## - SUBJECT ADDED ENTRY--TOPICAL TERM
Topical term or geographic name entry element Northeastern India
9 (RLIN) 16586
650 ## - SUBJECT ADDED ENTRY--TOPICAL TERM
Topical term or geographic name entry element Peace-building
9 (RLIN) 16587
650 ## - SUBJECT ADDED ENTRY--TOPICAL TERM
Topical term or geographic name entry element Theology
9 (RLIN) 631
942 ## - ADDED ENTRY ELEMENTS (KOHA)
Source of classification or shelving scheme Dewey Decimal Classification
Koha item type Books
Koha issues (borrowed), all copies 2
Holdings
Withdrawn status Lost status Source of classification or shelving scheme Damaged status Not for loan Home library Current Library Shelving location Date acquired Total checkouts Full call number Barcode Date last seen Date last checked out Copy number Price effective from Koha item type
    Dewey Decimal Classification     GRACE BIBLE COLLEGE GRACE BIBLE COLLEGE North East Collection 2023-02-24 2 261.8 PEA 015895 2025-05-01 2025-02-19 c.1 2023-02-24 Books
    Dewey Decimal Classification     GRACE BIBLE COLLEGE GRACE BIBLE COLLEGE North East Collection 2023-02-24 2 261.8 PEA 015896 2025-05-01 2025-02-21 c.1 2023-02-24 Books
© Grace Bible College Library 2025